| 000 | 00674nam a2200217 a 4500 | ||
|---|---|---|---|
| 003 | PILC | ||
| 005 | 20150908090229.0 | ||
| 008 | 110129s19uu xx 00 eng d | ||
| 050 |
_aJQ 1418 _b.T111 2008 |
||
| 100 | _aTabunda, Ana Maria L. | ||
| 245 |
_aSelling candidates : _bpolitical ads in the 2007 senatorial elections / _cAna Maria L. Tabunda. |
||
| 260 |
_aQuezon City : _bKonrad Adenauer Stiftung, _c2008. |
||
| 300 |
_a107 pages : _billustrations ; _c23 cm. |
||
| 650 | _aAdvertising. | ||
| 650 | _aAdvertising campaigns. | ||
| 650 | _aAdvertising strategy. | ||
| 700 | _aCarmela Fonbuena | ||
| 700 | _aAries Rufo | ||
| 942 |
_cBK _2lcc _kLOC |
||
| 999 |
_c24341 _d24341 |
||